Effects of land degradation on Agricultural land use: a case study of smallholder farmers indigenous knowledge on land use planning and management in kalama division, machakos county (Record no. 15409)
[ view plain ]
| 000 -LEADER | |
|---|---|
| fixed length control field | 00822nam a22001817a 4500 |
| 003 - CONTROL NUMBER IDENTIFIER | |
| control field | OSt |
| 005 - DATE AND TIME OF LATEST TRANSACTION | |
| control field | 20161003121513.0 |
| 008 - FIXED-LENGTH DATA ELEMENTS--GENERAL INFORMATION | |
| fixed length control field | 161003b xxu||||| |||| 00| 0 eng d |
| 040 ## - CATALOGING SOURCE | |
| Original cataloging agency | SEKU |
| 050 ## - LIBRARY OF CONGRESS CALL NUMBER | |
| Classification number | GE 140 |
| Item number | .N3 |
| 100 ## - MAIN ENTRY--PERSONAL NAME | |
| Personal name | Masila, Muloo Samson |
| 245 ## - TITLE STATEMENT | |
| Title | EFFECTS OF LAND DEGRADATION ON AGRICULTURAL LAND USE: A CASE STUDY OF SMALLHOLDER FARMERS INDIGENOUS KNOWLADGE ON LAND USE PLANNING AND MANAGEMENT IN KALAMA DIVISION, MACHAKOS COUNTY/ |
| Remainder of title | A Thesis Submitted in Partial Fulfillment of the Requirements for the Award of Master of Science in Environmental Management the School of Environment and Natural Resources Management of South Eastern Kenya University |
| Statement of responsibility, etc. | Samson Muloo Masila |
| 260 ## - PUBLICATION, DISTRIBUTION, ETC. (IMPRINT) | |
| Date of publication, distribution, etc. | 2016. |
| 300 ## - PHYSICAL DESCRIPTION | |
| Extent | 53 p. |
| 650 ## - SUBJECT ADDED ENTRY--TOPICAL TERM | |
| Topical term or geographic name as entry element | Environmental degradatio |
| 650 ## - SUBJECT ADDED ENTRY--TOPICAL TERM | |
| Topical term or geographic name as entry element | Soil degradetion |
| 942 ## - ADDED ENTRY ELEMENTS (KOHA) | |
| Source of classification or shelving scheme | Library of Congress Classification |
| Koha item type | Thesis |
| Withdrawn status | Lost status | Source of classification or shelving scheme | Damaged status | Not for loan | Home library | Current library | Shelving location | Date acquired | Source of acquisition | Total Checkouts | Full call number | Barcode | Date last seen | Price effective from | Koha item type |
|---|---|---|---|---|---|---|---|---|---|---|---|---|---|---|---|
| Library of Congress Classification | Not For Loan | Wote Campus Library | Wote Campus Library | Reference | 03/10/2016 | SEKU | GE 140 .N3 | 2016/018947 | 03/10/2016 | 03/10/2016 | Thesis |